LEADER 00917nam a2200241 i 4500 001 000000073837 003 CaOOAMICUS 005 20070412000000.0 008 070412s1965 it u000 u ita u 013 $a45009 040 $aSeMil$bita 100 1 $aColombo, Renato.$0(OLS)http://semarc/name/36475 245 10$aIstanti /$cRenato Colombo. 260 $aMilano :$bL'ariete,$cstampa 1965. 300 $a74 p. ;$c21 cm. 490 0 $aI Poeti dell'Ariete 500 $aIn mezzo al front : Primo Premio ex-aequo L'ARIETE D'ORO 1965. 650 4$aPoesia italiana - Sec. 20. - Testi.$0(OLS)http://semarc/subject/1280 830 2$aI poeti dell'Ariete.$0(OLS)http://semarc/title/23245 850 $aSeMil 852 $aSeMil$W1$xVenegono$y1$m1B I 24$j39989$B39989$CSeMilBibl$Z2$F39993 $81 996 $6245$aIstanti$9(OLS)http://semarc/title/119190 996 $6260$aMilano :$bL'ariete$9(OLS)http://semarc/publisher/55782 LEADER 00840nam a2200217 i 4500 001 000000128172 003 CaOOAMICUS 005 20040719000000.0 008 040719s1966 it u000 u ita u 013 $a100894 040 $aSeMil$bita 245 10$aLuca della Robbia. 260 $aMilano :$bFratelli Fabbri Editori,$ccopyr. 1966. 300 $a1 fasc. :$bill., tav. ;$c36 cm. 490 0 $aI maestri della scultura ;$v7.[1] 650 4$aDella Robbia - Luca.$0(OLS)http://semarc/subject/25222 830 2$aI maestri della scultura ;$v7.[1].$0(OLS)http://semarc/title/15794 850 $aSeMil 852 $aSeMil$W1$xVenegono$y1$m5J VII 1/7$j82402$B82402$CSeMilBibl$Z2$F84717 $81 996 $6245$aLuca della Robbia$9(OLS)http://semarc/title/189386 996 $6260$aMilano :$bFratelli Fabbri Editori$9(OLS)http://semarc/publisher/29845